Linking ISO 9000 to job satisfaction and organizational commitment : a study in Hospital Mesra Bukit Padang, Kota Kinabalu, Sabah /
Saved in:
| Main Author: | |
|---|---|
| Format: | Thesis Book |
| Language: | English |
| Published: |
2008.
|
| Subjects: | |
| Tags: |
Add Tag
No Tags, Be the first to tag this record!
|
| LEADER | 01369cam a2200313 a 4500 | ||
|---|---|---|---|
| 001 | u768084 | ||
| 003 | SIRSI | ||
| 005 | 200904010924 | ||
| 008 | 090401s2008 my t 000 0 eng m | ||
| 040 | |a UMK |d UMM | ||
| 043 | |a a-my-sa | ||
| 090 | |a HF1008 |b UM 2008 Azia | ||
| 098 | |a HF1008 |b UM 2008 Azia | ||
| 100 | 0 | |a Azizul Alias. | |
| 245 | 1 | 0 | |a Linking ISO 9000 to job satisfaction and organizational commitment : |b a study in Hospital Mesra Bukit Padang, Kota Kinabalu, Sabah / |c Azizul bin Alias. |
| 260 | |c 2008. | ||
| 300 | |a ix,75, [5] leaves : |b ill. ; |c 30 cm. | ||
| 502 | |a Dissertation (M.B.A.) -- Jabatan Dasar dan Strategi Perniagaan, Fakulti Perniagaan dan Perakaunan, Universiti Malaya, 2008. | ||
| 504 | |a Bibliography: leaves 70-72. | ||
| 610 | 2 | 0 | |a Hospital Mesra Bukit Padang (Kota Kinabalu, Sabah) |
| 650 | 0 | |a ISO 9000 Series Standards. | |
| 650 | 0 | |a Job satisfaction |z Sabah |z Kota Kinabalu. | |
| 650 | 0 | |a Organizational commitment |z Sabah |z Kota Kinabalu. | |
| 650 | 0 | |a Management |x Standards. | |
| 710 | 2 | |a Universiti Malaya. |b Jabatan Dasar dan Strategi Perniagaan. | |
| 900 | |a ZSA-ZA | ||
| 596 | |a 1 19 | ||
| 999 | |a HF1008 UM 2008 AZIA |w LC |c 1 |i A513449600 |d 7/11/2009 |f 7/11/2009 |g 1 |l STACKS |m P19KOTA |r Y |s Y |t TESIS |u 7/11/2009 | ||
| 999 | |a HF1008 UM 2008 AZIA |w LC |c 1 |i A513449729 |d 4/10/2012 |e 4/10/2012 |f 7/5/2010 |g 1 |l STACKS |m P01UTAMA |n 4 |r Y |s Y |t TESIS |u 7/5/2010 | ||
